| 000 | 00344nam a2200097Ia 4500 | ||
|---|---|---|---|
| 008 | 180130s9999 xx 000 0 und d | ||
| 245 |
_cPalliam, Ralph _aE-learning and desired learning outcomes |
||
| 260 | _c2015 | ||
| 300 | _aBook title: An integrated approach to e-learning--Acession number C20654; pages 37-50 | ||
| 650 | _aEDUCATION--E-LEARNING | ||
| 999 |
_c353725 _d353725 |
||